Building scientific apparatus (Record no. 11390)

MARC details
000 -LEADER
fixed length control field 00683nam a2200205Ia 4500
003 - CONTROL NUMBER IDENTIFIER
control field IN-BaIIA
008 - FIXED-LENGTH DATA ELEMENTS--GENERAL INFORMATION
fixed length control field 211028s9999 xx 000 0 eng d
020 ## - INTERNATIONAL STANDARD BOOK NUMBER
International Standard Book Number 0-201-13189-7
040 ## - CATALOGING SOURCE
Transcribing agency IIA Library
080 ## - UNIVERSAL DECIMAL CLASSIFICATION NUMBER
Universal Decimal Classification number 681.1
Item number MOO
100 ## - MAIN ENTRY--PERSONAL NAME
Personal name Moore, J. H
9 (RLIN) 15739
245 #0 - TITLE STATEMENT
Title Building scientific apparatus
Remainder of title a practical guide to design and construction
Statement of responsibility, etc. John H. Moore, Christopher C. Davis and Michael A. Coplan
250 ## - EDITION STATEMENT
Edition statement 2nd ed.
260 ## - PUBLICATION, DISTRIBUTION, ETC.
Place of publication, distribution, etc. Massachusetts
Name of publisher, distributor, etc. Addison-Wesley
Date of publication, distribution, etc. 1989
300 ## - PHYSICAL DESCRIPTION
Extent xvi, 549p.
650 ## - SUBJECT ADDED ENTRY--TOPICAL TERM
Topical term or geographic name entry element Scientific apparatus, Precision instruments, Instrument manufacture
9 (RLIN) 19597
700 ## - ADDED ENTRY--PERSONAL NAME
Personal name Coplan, M. A.
9 (RLIN) 15741
700 ## - ADDED ENTRY--PERSONAL NAME
Personal name Davis, C.
9 (RLIN) 19598
942 ## - ADDED ENTRY ELEMENTS (KOHA)
Koha item type Books
Holdings
Withdrawn status Lost status Damaged status Not for loan Home library Current library Shelving location Date acquired Total Checkouts Full call number Barcode Date last seen Price effective from Koha item type
        IIA Library-Bangalore IIA Library-Bangalore General Stacks 25/09/1995   681.1/ MOO 12305 05/11/2021 25/09/1995 Books

Powered by Koha